Report of the Committee on Centrals and Subsidies (Record no. 489990)

000 -LEADER
fixed length control field 00411cam a22001337a 4500
008 - FIXED-LENGTH DATA ELEMENTS--GENERAL INFORMATION
fixed length control field 180718b1979 xxu||||| |||| 00| 0 eng d
082 ## - DEWEY DECIMAL CLASSIFICATION NUMBER
Classification number V2x54 In2/1
100 ## - MAIN ENTRY--PERSONAL NAME
Personal name India. Committee on Controls and Subsidies
245 ## - TITLE STATEMENT
Title Report of the Committee on Centrals and Subsidies
260 ## - PUBLICATION, DISTRIBUTION, ETC.
Place of publication, distribution, etc. New Delhi
Name of publisher, distributor, etc. The author
Date of publication, distribution, etc. 1979
300 ## - PHYSICAL DESCRIPTION
Extent 384+p.
500 ## - GENERAL NOTE
General note Chairman: Vadilal Dagli
700 ## - ADDED ENTRY--PERSONAL NAME
Personal name Dagli, Vadilal (Chairman)
Holdings
Withdrawn status Lost status Damaged status Not for loan Permanent Location Current Location Date acquired Full call number Barcode Date last seen Price effective from Koha item type
        Indian Institute of Public Administration Indian Institute of Public Administration 2018-08-04 V2x54 In2/1 G14820 2018-08-04 2018-08-04 G

Powered by Koha